Vocabulary for college (Record no. 54254)
[ view plain ]
| 000 -LEADER | |
|---|---|
| fixed length control field | 00298nam a22001337a 4500 |
| 008 - FIXED-LENGTH DATA ELEMENTS--GENERAL INFORMATION | |
| fixed length control field | 190226b xxu||||| |||| 00| 0 eng d |
| 020 ## - INTERNATIONAL STANDARD BOOK NUMBER | |
| International Standard Book Number | 015329700x |
| 041 ## - LANGUAGE CODE | |
| Language code of text/sound track or separate title | eng |
| 080 ## - UNIVERSAL DECIMAL CLASSIFICATION NUMBER | |
| Edition identifier | 3rd |
| Universal Decimal Classification number | 371 |
| 100 ## - Rafti | |
| Rafti | 46 |
| 101 ## - Shkurtesa | |
| Shkurtesa | EDU |
| 245 ## - TITLE STATEMENT | |
| Title | Vocabulary for college |
| Statement of responsibility, etc | Diederich,P.B |
| 942 ## - ADDED ENTRY ELEMENTS (KOHA) | |
| Source of classification or shelving scheme | |
| Item type | Books |
| Withdrawn status | Lost status | Source of classification or shelving scheme | Damaged status | Not for loan | Collection code | Permanent location | Current location | Shelving location | Date acquired | Total Checkouts | Full call number | Barcode | Date last seen | Price effective from | Koha item type |
|---|---|---|---|---|---|---|---|---|---|---|---|---|---|---|---|
| Koleksioni i përgjithshem | UBT - Lipjan | UBT - Lipjan | Koleksioni i përgjithshem | 02/26/2019 | 371 DIE | 002-3022283 | 02/26/2019 | 02/26/2019 | Books | ||||||
| Koleksioni i përgjithshem | UBT - Lipjan | UBT - Lipjan | Koleksioni i përgjithshem | 02/26/2019 | 371 DIE | 002-3022282 | 02/26/2019 | 02/26/2019 | Books | ||||||
| Koleksioni i përgjithshem | UBT - Lipjan | UBT - Lipjan | Koleksioni i përgjithshem | 02/26/2019 | 371 DIE | 002-3022281 | 02/26/2019 | 02/26/2019 | Books | ||||||
| Koleksioni i përgjithshem | UBT - Lipjan | UBT - Lipjan | Koleksioni i përgjithshem | 02/26/2019 | 371 DIE | 002-3022280 | 02/26/2019 | 02/26/2019 | Books | ||||||
| Koleksioni i përgjithshem | UBT - Lipjan | UBT - Lipjan | Koleksioni i përgjithshem | 02/26/2019 | 371 DIE | 002-3022278 | 02/26/2019 | 02/26/2019 | Books |